[Event "IECC CL3-2003.27 email"]
[Site "IECC email"]
[Date "2003.11.23"]
[Round "?"]
[White "Kirpikov, Alexander Leonidovi"]
[Black "McGuinness, Simon P"]
[Result "1/2-1/2"]
[WhiteElo "2115"]
[BlackElo "1901"]
[PlyCount "99"]
[EventDate "2003.??.??"]
[EventType "tourn (corr)"]
[EventRounds "4"]
[SourceTitle "Corr 2008"]
[Source "ChessBase"]
[SourceDate "2008.06.24"]
[SourceVersion "1"]
[SourceVersionDate "2008.06.24"]
[SourceQuality "1"]

1. Nf3 e6 2. d4 d5 3. c4 Nf6 4. Nc3 Be7 5. Bg5 0-0 6. Qc2 h6 7. Bxf6 Bxf6 8. Rd1 Nc6 9. e3 a6 10. a3 Na5 11. c5 b6 12. b4 Nc6 13. Bd3 bxc5 14. bxc5 Rb8 15. 0-0 Re8 16. Rfe1 Bb7 17. Qa4 Qd7 18. Rb1 Red8 19. Rb2 Bc8 20. Rxb8 Nxb8 21. Qb3 Nc6 22. Rd1 Qe8 23. Qa4 Bd7 24. Qc2 Bc8 25. Qb3 g6 26. Be2 Bg7 27. h4 Ne7 28. h5 gxh5 29. Na2 Nc6 30. Nb4 a5 31. Nxc6 Qxc6 32. Bb5 Qa8 33. Rb1 Bb7 34. Qc3 Bf6 35. c6 Bc8 36. Ne5 Bxe5 37. dxe5 Ba6 38. a4 Bxb5 39. Rxb5 Qa6 40. Qc5 Ra8 41. Qc2 Kg7 42. e4 Rd8 43. Qc1 d4 44. Qf4 Rf8 45. Rb3 d3 46. Rc3 Qb6 47. Qg3+ Kh7 48. Qxd3 Qb4 49. Rc4 Qb2 50. Rd4 1/2-1/2

[Event "IECC CL3-2003.27 email"]
[Site "IECC email"]
[Date "2003.11.23"]
[Round "?"]
[White "McGuinness, Simon P"]
[Black "Jordan, Tanya"]
[Result "1-0"]
[WhiteElo "1882"]
[BlackElo "1947"]
[PlyCount "61"]
[EventDate "2003.??.??"]
[EventType "tourn (corr)"]
[EventRounds "4"]
[SourceTitle "Corr 2008"]
[Source "ChessBase"]
[SourceDate "2008.06.24"]
[SourceVersion "1"]
[SourceVersionDate "2008.06.24"]
[SourceQuality "1"]

1. e4 c6 2. d4 g6 3. Nc3 d5 4. Nf3 Bg7 5. h3 dxe4 6. Nxe4 Bf5 7. Ng3 Nf6 8. Nxf5 Qa5+ 9. Bd2 Qxf5 10. Bd3 Qe6+ 11. Be2 0-0 12. 0-0 Ne4 13. Bf4 Qf5 14. Bxb8 Raxb8 15. Bd3 Qf4 16. Bxe4 Qxe4 17. Re1 Qf4 18. Rxe7 c5 19. dxc5 Qf6 20. Rd7 Qxb2 21. Rb1 Qxa2 22. Rbxb7 Rxb7 23. Rxb7 Qa4 24. Qd5 Qxc2 25. g3 a5 26. c6 h6 27. Ra7 a4 28. Kg2 Qb3 29. Qd7 Qb5 30. Qb7 Kh7 31. Qxb5 1-0

[Event "IECC CL3-2003.27 email"]
[Site "IECC email"]
[Date "2003.11.23"]
[Round "?"]
[White "Tew, Paul"]
[Black "McGuinness, Simon P"]
[Result "1/2-1/2"]
[WhiteElo "1911"]
[BlackElo "1880"]
[PlyCount "33"]
[EventDate "2003.??.??"]
[EventType "tourn (corr)"]
[EventRounds "4"]
[SourceTitle "Corr 2008"]
[Source "ChessBase"]
[SourceDate "2008.06.24"]
[SourceVersion "1"]
[SourceVersionDate "2008.06.24"]
[SourceQuality "1"]

1. d4 d5 2. c4 e6 3. Nc3 c5 4. cxd5 exd5 5. e4 dxe4 6. Bc4 cxd4 7. Qb3 Qd7 8. Bf4 dxc3 9. Rd1 Qf5 10. Bxb8 Rxb8 11. Bb5+ Ke7 12. Rd5 Qg4 13. h3 Qxg2 14. Qxc3 Be6 15. Qc7+ Kf6 16. Qe5+ Kg6 17. Qh5+ 1/2-1/2